[Event "Ribeirao Preto Recra Chess 1st"]
[Site "Ribeirao Preto"]
[Date "2015.10.24"]
[Round "2.3"]
[White "Bonvini, Alberto Tonhati"]
[Black "Meneses Jr, Adelso Teodoro"]
[Result "1-0"]
[WhiteElo "1798"]
[BlackElo "1770"]
[PlyCount "125"]
[EventDate "2015.10.24"]
[EventType "swiss"]
[EventRounds "5"]
[EventCountry "BRA"]
[SourceTitle "EXT 2022"]
[Source "ChessBase"]
[SourceDate "2021.10.06"]
[SourceVersion "1"]
[SourceVersionDate "2021.10.06"]
[SourceQuality "1"]

1. e4 d6 2. Nf3 e5 3. d4 Bg4 4. dxe5 Bxf3 5. gxf3 a6 6. Bf4 Nc6 7. exd6 Bxd6 8. Bxd6 cxd6 9. Nc3 Nf6 10. Rg1 Nh5 11. Qd2 Ne5 12. Be2 Ng6 13. 0-0-0 0-0 14. Qxd6 Qxd6 15. Rxd6 Nhf4 16. Rd7 Rac8 17. Re1 b5 18. Bf1 Ne5 19. Rd6 Nxf3 20. Re3 Nxh2 21. Bh3 Nxh3 22. Rxh3 Ng4 23. f3 Ne5 24. Rxa6 b4 25. Nd5 Rcd8 26. Nxb4 Rd4 27. Nd5 Rd8 28. c3 Rd3 29. a4 Rxf3 30. Rxf3 Nxf3 31. a5 h5 32. Nf4 h4 33. Rc6 Ne5 34. Rc5 f6 35. Rc7 Nd3+ 36. Nxd3 Rxd3 37. a6 h3 38. a7 Rd8 39. Rd7 Ra8 40. Rd3 Rxa7 41. Rxh3 Kf7 42. Kc2 Ke6 43. Rh5 g5 44. b4 Ke5 45. Kd3 Kf4 46. Rh6 Rd7+ 47. Kc4 Kxe4 48. Rxf6 g4 49. Rg6 Rc7+ 50. Kb3 Kf3 51. b5 g3 52. Kb4 g2 53. c4 Re7 54. b6 Re6 55. Rxg2 Rxb6+ 56. Kc5 Rf6 57. Rd2 Ke3 58. Rd8 Ke4 59. Kb5 Ke5 60. c5 Rf2 61. c6 Ke6 62. c7 Rb2+ 63. Ka4 1-0

[Event "Ribeirao Preto Recra Chess 1st"]
[Site "Ribeirao Preto"]
[Date "2015.10.24"]
[Round "1.9"]
[White "Meneses Jr, Adelso Teodoro"]
[Black "Arduini, Leonardo Adolfo"]
[Result "1-0"]
[WhiteElo "1770"]
[BlackElo "1665"]
[PlyCount "67"]
[EventDate "2015.10.24"]
[EventType "swiss"]
[EventRounds "5"]
[EventCountry "BRA"]
[SourceTitle "EXT 2022"]
[Source "ChessBase"]
[SourceDate "2021.10.06"]
[SourceVersion "1"]
[SourceVersionDate "2021.10.06"]
[SourceQuality "1"]

1. e4 e5 2. Nf3 Nc6 3. d4 exd4 4. Nxd4 Nf6 5. Nxc6 bxc6 6. Bd3 Bc5 7. Bg5 h6 8. Bh4 d5 9. e5 Qe7 10. Qe2 g5 11. Bg3 Nd7 12. 0-0 Qe6 13. c3 Bb7 14. b4 Bb6 15. a4 a6 16. Nd2 0-0-0 17. Bxa6 f5 18. Bxb7+ Kxb7 19. a5 Ba7 20. h3 f4 21. Bh2 Nxe5 22. b5 c5 23. b6 cxb6 24. axb6 Bxb6 25. Rfb1 c4 26. Rb5 Rhe8 27. Rab1 Rd6 28. Kh1 Kc7 29. Qh5 Nd3 30. Bg1 Rb8 31. f3 Bxg1 32. Rxb8 Bb6 33. Qe8 Qf5 34. R1xb6 1-0

[Event "Ribeirao Preto Batatais op"]
[Site "Ribeirao Preto"]
[Date "2015.02.28"]
[Round "2"]
[White "Meneses Jr, Adelso Teodoro"]
[Black "Pimenta, Breno Andrade"]
[Result "0-1"]
[WhiteElo "1798"]
[BlackElo "1696"]
[PlyCount "80"]
[EventDate "2015.02.28"]
[EventType "swiss"]
[EventRounds "5"]
[EventCountry "BRA"]
[SourceTitle "CBM 165 Extra"]
[Source "ChessBase"]
[SourceDate "2015.04.21"]
[SourceVersion "1"]
[SourceVersionDate "2015.04.21"]
[SourceQuality "1"]

1. Nf3 Nf6 2. g3 g6 3. Bg2 Bg7 4. d3 d5 5. 0-0 0-0 6. Nbd2 c5 7. e4 Nc6 8. exd5 Nxd5 9. Ne4 b6 10. c4 Ndb4 11. Ne1 Rb8 12. a3 Na6 13. Rb1 Nd4 14. Bf4 e5 15. Bg5 f6 16. Be3 Nc7 17. b4 Bf5 18. Qd2 Bxe4 19. Bxe4 f5 20. Bg5 Qd6 21. Bg2 f4 22. gxf4 exf4 23. Nf3 h6 24. Nxd4 cxd4 25. c5 Qe5 26. cxb6 Rxb6 27. Bxh6 Bxh6 28. Rbc1 Nb5 29. Rc5 Qe8 30. Re1 Qd7 31. Bd5+ Kh7 32. Qe2 Bg7 33. Qf3 Rf5 34. Qh3+ Bh6 35. Be4 Rg5+ 36. Rxg5 Qxh3 37. Bg2 Qd7 38. Rge5 Bg7 39. Re7 Qg4 40. h3 Qg5 0-1